LEADER 00863nam a2200265 i 4500 001 991001948249707536 005 20020503155227.0 008 001103s1960 it ||| | ita 035 $ab10295161-39ule_inst 035 $aEXGIL94119$9ExL 040 $aBiblioteca Interfacoltà$bita 082 0 $a804 100 1 $aPraz, Mario$011364 245 10$aBellezza e bizzarria /$cMario Praz 260 $aMilano :$bIl Saggiatore,$c1960 300 $a598 p. :$b16 tav. ;$c21 cm. 440 3$aLa cultura ;$v21 650 4$aArte 650 4$aLetteratura 907 $a.b10295161$b02-04-14$c27-06-02 912 $a991001948249707536 945 $aLE002 It. IX A 14$g1$i2002000964250$lle002$o-$pE0.00$q-$rl$s- $t0$u1$v0$w1$x0$y.i10348347$z27-06-02 996 $aBellezza e bizzarria$9208831 997 $aUNISALENTO 998 $ale002$b01-01-00$cm$da $e-$fita$git $h0$i1 LEADER 03416nam 2200637 450 001 9910807389303321 005 20230814223108.0 010 $a3-11-056092-5 010 $a3-11-056381-9 024 7 $a10.1515/9783110563818 035 $a(CKB)4100000005043727 035 $a(MiAaPQ)EBC5157718 035 $a(DE-B1597)487516 035 $a(OCoLC)1025379090 035 $a(DE-B1597)9783110563818 035 $a(Au-PeEL)EBL5157718 035 $a(CaPaEBR)ebr11605183 035 $a(EXLCZ)994100000005043727 100 $a20180921d2018 uy 0 101 0 $ager 135 $aurcnu|||||||| 181 $ctxt$2rdacontent 182 $cc$2rdamedia 183 $acr$2rdacarrier 200 10$aPra?teritumschwund im Deutschen $eDokumentation und Erkla?rung eines Verdra?ngungsprozesses /$fHanna Fischer 210 1$aBerlin ;$aBoston :$cDe Gruyter,$d[2018] 210 4$d©2018 215 $a1 online resource (450 pages) 225 1 $aStudia Linguistica Germanica ;$vBand 132 311 $a3-11-056070-4 320 $aIncludes bibliographical references and index. 327 $tFrontmatter -- $tVorwort -- $tInhalt -- $t1. Einleitung -- $t2. Die Dokumentation des Präteritumschwunds -- $t3. Die Erklärung des Präteritumschwunds -- $t4. Ergebnisse der Arbeit und Ausblick -- $t5. Verzeichnisse -- $tRegister 330 $aSeit 130 Jahren bemüht sich die sprachwissenschaftliche Forschung vergeblich um eine plausible Erklärung des sog. "Präteritumschwunds": dem Verlust der Präteritumformen im gesprochenen Deutsch. Die vorliegende Arbeit setzt an diesem Desiderat an und führt in innovativer Weise Theoriebildung, Erkenntnisse und Methoden aus unterschiedlichen linguistischen Disziplinen - Dialektologie, Sprachgeschichte, Grammatikforschung, Tempus & Aspekt-Forschung - ertragreich zusammen. Die Studie liefert zum einen eine umfassende Dokumentation des Präteritumschwunds in Raum und Zeit. Dazu werden in Form einer Metanalyse zahlreiche Dialektgrammatiken, Sprachkarten und Korpusstudien ausgewertet und zu einem Gesamtbild zusammengefügt. Die gestaffelte Verteilung von Präteritumformen im Raum sowie die historische Entwicklung lassen auf eine sukzesssive und prinzipiengeleitete Verdrängung der Präteritumformen durch die expandierende Perfektform schließen. Zum anderen wird auf Basis von modernen theoretischen Konzepten eine Erklärung erarbeitet, die neben der Ursache des Prozesses auch weitere Faktoren des Präteritumschwunds bestimmt und eine europäische Perspektive eröffnet. 410 0$aStudia linguistica Germanica ;$vBand 132. 606 $aGerman language$xTense 606 $aGerman language$xVerb 606 $aFOREIGN LANGUAGE STUDY / German$2bisacsh 606 $aLANGUAGE ARTS & DISCIPLINES / Linguistics / General$2bisacsh 610 $aAspect. 610 $aPresent Perfect. 610 $aPreterit. 610 $aTense. 615 0$aGerman language$xTense. 615 0$aGerman language$xVerb. 615 7$aFOREIGN LANGUAGE STUDY / German. 615 7$aLANGUAGE ARTS & DISCIPLINES / Linguistics / General. 676 $a435/.62 686 $aFOR009000$aLAN009000$2bisacsh 700 $aFischer$b Hanna$f1983-$01633759 801 0$bMiAaPQ 801 1$bMiAaPQ 801 2$bMiAaPQ 906 $aBOOK 912 $a9910807389303321 996 $aPra?teritumschwund im Deutschen$93973659 997 $aUNINA